000 01122nam a2200265 i 4500
003 DO-SdBNP
005 20240611151257.0
007 ta
008 240611b2023 dr abdo| |||| 00| 0 spa d
020 _a9789945634181 (impreso)
020 _a9789945634198 (online)
040 _aDO-SdBNP
_bspa
_cBNPHU
_erda
082 4 _222
_bM533
111 _aSeminario Internacional "Migración laboral en América Latina y el Caribe"
_c(Santo Domingo, República Dominicana :)
_977442
245 1 0 _aMemoria seminario Internacional "Migración laboral en América Latina y el Caribe" /
264 1 _aSanto Domingo :
_bInstituto Nacional de Migración,
_bOrganización Internacional del Trabajo,
_bOrganización Internacional para las Migraciones,
_c2023.
300 _a298 páginas
_bilustraciones, mapas, graficas, fotografías
_c27 cm.
336 _2rdacontent
_atexto
_btxt
337 _2rdamedia
_asin mediación
_bn
338 _2rdacarrier
_avolumen
_bnc
500 _aIncluye datos biográficos de los ponentes desde la página 287 a la 298.
590 _aInventariado, 2024/ YL
910 _aYLockward
942 _2ddc
_cLBS1
999 _c56814
_d56814